|
|
|
|
| LEADER |
00000cas a2200000 a 4500 |
| 003 |
Ucuenca |
| 005 |
20231221062551.0 |
| 008 |
000000| ||||||||r|||||||||||spa|| |
| 040 |
|
|
|b spa
|
| 041 |
1 |
|
|a spa
|
| 082 |
0 |
|
|a 050
|b S617c
|
| 110 |
1 |
|
|9 27425
|a Sendas
|
| 245 |
|
|
|a Cántaro
|c Sendas
|h imp
|
| 264 |
|
|
|a Cuenca
|b SENDAS
|c Marzo 2000
|
| 300 |
|
|
|a 29 páginas:
|c 15 cm
|
| 362 |
|
|
|a Año 8, no.27 (marzo 2000) Separata
|
| 504 |
|
|
|a incl. ref.
|
| 650 |
|
|
|a Revista cantaro
|9 175375
|
| 650 |
|
0 |
|a Federalismo
|9 46996
|
| 650 |
|
7 |
|a Gobernabilidad
|9 269
|
| 650 |
|
0 |
|a Regionalizacion
|9 41261
|
| 650 |
|
0 |
|a Descentralización
|9 4114
|
| 650 |
|
0 |
|a Autonomias
|9 18585
|
| 852 |
|
|
|a UC-CDJBV
|
| 942 |
|
|
|c SER
|z vanessa.morales@ucuenca.edu.ec
|
| 999 |
|
|
|c 150523
|d 150523
|